00614 2200229 4500001002100000005001500021035002000036007000300056008004100059020002200100082000800122084001400130100001300144245006300157260003700220300002800257710003200285650001700317856001400334990001800348990001800366INLIS00000000000563720231020025927 a0010-1023000560ta231020 0  a978-623-02-5758-2 a615 a615 MUH o aMuhaimin1 aObat Malaria :bDari Medis Hingga Bahan Herbal /cMuhaimin aYogyakkarta :bDeepublish,c2022 ax,109p :bIlus. ;c23cm aAnis Yohana Chaerunissa,DKK aObat Malaria aKebidanan a0063100200631 a0063100200631